| 000 | 01397nam a22003737a 4500 | ||
|---|---|---|---|
| 003 | CHAP | ||
| 005 | 20220329134335.0 | ||
| 008 | 971013s1982 r 00010 d | ||
| 010 | _a19019 | ||
| 011 | _a19991 | ||
| 035 | _a24078 | ||
| 040 | _cCHAP | ||
| 090 | _aTesis | ||
| 100 | 0 | 0 |
_aAlvarez Pazzi, Jose Isabel. _94960 |
| 245 | _aEvaluación de 5 fechas de siembra; 3 muestreos, 3 grosores y 3 tipos de modalidades para enraizamiento con un enraizador comercial "Rootone F" en estacas de vid (Vitis vinífera L.) para la región de Marín, N.L. | ||
| 260 |
_aMonterrey, N.L., : _bEl autor, _c1982 |
||
| 300 | _a157 h | ||
| 502 | _aTesis (Ing. Agrónomo Fitotecnista) -- UANL. Facultad de Agronomía | ||
| 590 |
_aALEPH _b10 _c20130110 _lUCH01 _h1242 |
||
| 590 |
_aBATCH-UPD _b10 _c20130109 _lUCH01 _h2313 |
||
| 590 |
_aBATCH-UPD _b10 _c20130110 _lUCH01 _h0210 |
||
| 590 |
_aBATCH-UPD _b10 _c20130110 _lUCH01 _h2124 |
||
| 590 |
_aBATCH-UPD _b10 _c20130409 _lUCH01 _h1832 |
||
| 590 |
_aBATCH-UPD _b10 _c20130410 _lUCH01 _h1434 |
||
| 590 |
_aBATCH-UPD _b10 _c20130914 _lUCH01 _h2103 |
||
| 590 |
_aCONVERSION _b10 _c20130109 _lUCH01 _h1312 |
||
| 650 | 1 | 4 |
_aVid _xFechas de siembra. _9119112 |
| 650 | 1 | 4 |
_aVid _xFisiología y morfología. _9119114 |
| 650 | 1 | 4 |
_aVid _xInjertos. _9119120 |
| 650 | 1 | 4 |
_aVid _xPropagación. _9119135 |
| 901 | _aBK | ||
| 942 | _cTESIS | ||
| 949 |
_bBC _cTES _d-55676 _eTS1 _i24078 _si |
||
| 999 |
_c19019 _d19019 |
||